Není logistiky bez lidí

Informácie zo zasadnutia Zväzu špedície a logistiky Českej republiky. Významná úloha ľudských zdrojov v logistike. Zákazníci, dodávatelia a zamestnanci v logistike. Logistické nehnuteľnosti atraktívne pre investorov. Otázka možnosti patentovania logistických procesov.

Saved in:
Bibliographic Details
Main Author: Kladiva, Jiří
Format: Book Chapter
Language:Czech
Subjects:
Tags: Add Tag
No Tags, Be the first to tag this record!

MARC

LEADER 00000naa$a2200000$$$4500
001 0050135
005 20231113115511.9
041 0 |a cze 
044 |a CZ 
245 1 0 |a Není logistiky bez lidí  |c Jiří Kladiva 
520 |a Informácie zo zasadnutia Zväzu špedície a logistiky Českej republiky. Významná úloha ľudských zdrojov v logistike. Zákazníci, dodávatelia a zamestnanci v logistike. Logistické nehnuteľnosti atraktívne pre investorov. Otázka možnosti patentovania logistických procesov. 
610 2 0 |a logistika 
610 2 0 |a distribúcia 
610 2 0 |a zdroje ľudské 
610 2 0 |a odbornosť 
610 2 0 |a nehnuteľnosti 
610 2 0 |a investície 
610 2 0 |a patenty 
100 1 |a Kladiva, Jiří